00334 a2200097 4500001001000000005001700010008004100027245005500068100002200123773009100145ART_6081720260410162056.0260409a 10aCorrupción y delitos económicos en el fútbol1 aCatalano, Mariana0 tTemas de derecho penal y procesal penalg- Año 6, N° 4/5 (abr./mayo 2024)wREV60798